Datum a čas kvízu
23
Celkem bodů
Celkový počet nahraných bodů na tomto kvízu bez doplňovacích otázek.
7.
Pořadí na kvízu
Konečné umístění týmu na tomto kvízu.
Zaznamenané odpovědi
| # | Otázka | Odpověď | Body | Výsledky |
|---|---|---|---|---|
| 1. | Řídit soupravu pražského metra... | 0 | ||
| 2. | Loď slavného polárního badatel... | 0 | ||
| 3. | Čínské úřady nedovolily v zemi... | 1 | ||
| 4. | Liberecká buňka KSČM zveřejnil... | 1 | ||
| 5. | Vytrvalostní běžkyně Eva Vrabc... | 0 | ||
| 6. | Partnerem Hospodského kvízu se... | 1 | ||
| 7. | Když se řekne rum, může to něk... | 0 | ||
| 8. | Jak se dvěma cizími slovy nazý... | 0 | ||
| 9. | Napište podtitul druhého dílu... | 1 | ||
| 10. | Jak se nazývá země, ze které p... | 1 |